Vedie bohatstvo k šťastiu? Nie tak úplne.

Saved in:
Bibliographic Details
Main Author: Cupak, Andrej, 1988-
Format: Book Chapter
Language:Slovak
Tags: Add Tag
No Tags, Be the first to tag this record!

MARC

LEADER 00000naa a2200000 4500
001 0297427
005 20241106140532.5
041 0 |a slo 
044 |a SK 
245 1 0 |a Vedie bohatstvo k šťastiu? Nie tak úplne.  |c Andrej Cupak 
100 1 |a Cupak, Andrej, 1988-